Cartas de amor del profeta (Registro nro. 23142)
[ vista simple ]
| 000 -CABECERA | |
|---|---|
| Longitud fija campo de control | 00742nam a2200229 b 4500 |
| 003 - IDENTIFICADOR DELl NÚMERO DE CONTROL | |
| Identificador del número de control | OSt |
| 005 - FECHA Y HORA DE LA ÚLTIMA TRANSACCIÓN | |
| Fecha y hora de la última transacción | 20151109105704.0 |
| 008 - CÓDIGOS DE INFORMACIÓN DE LONGITUD FIJA | |
| Códigos de información de longitud fija | 001106s2000 sp | ||| ||spa |
| 020 ## - NÚMERO INTERNACIONAL NORMALIZADO PARA LIBROS | |
| Número Internacional Normalizado para Libros (ISBN) | 84-95501-94-5 |
| 040 ## - FUENTE DE LA CATALOGACIÓN | |
| Centro catalogador de origen | SpMaBN |
| Lengua de catalogación | spa |
| Centro transcriptor | BMC |
| Normas de descripción | rdc |
| 082 ## - NÚMERO DE LA CLASIFICACIÓN DECIMAL DEWEY | |
| Númeroo de clasificación | 928.254 |
| 100 1# - PUNTO DE ACCESO PRINCIPAL-NOMBRE DE PERSONA | |
| Nombre de persona | Gibran, Gibran Jalil |
| Fechas asociadas al nombre | 1883-1931 |
| 9 (RLIN) | 32786 |
| 245 10 - MENCIÓN DE TÍTULO | |
| Título | Cartas de amor del profeta |
| Mención de responsabilidad, etc. | Kahlil Gibran ; [adaptación de Paulo Coelho ; traducción, Roser López Montero] |
| 250 ## - MENCIÓN DE EDICIÓN | |
| Mención de edición | 1ª ed |
| 260 ## - PUBLICACIÓN, DISTRIBUCIÓN, ETC. (PIE DE IMPRENTA) | |
| Lugar de publicación, distribución, etc. | Barcelona |
| Nombre del editor, distribuidor, etc. | Suma de Letras |
| Fecha de publicación, distribución, etc. | 2000 |
| 300 ## - DESCRIPCIÓN FÍSICA | |
| Extensión | 111 p. |
| Dimensiones | 19 cm |
| 490 0# - MENCIÓN DE SERIE | |
| Mención de serie | Biblioteca de bolsillo |
| 600 24 - PUNTO DE ACCESO ADICIONAL DE MATERIA - NOMBRE DE PERSONA | |
| Nombre de persona | Gibran, Kahlil |
| Fechas asociadas al nombre | 1883-1931 |
| Subdivisión de forma (R ) | Correspondencia |
| 9 (RLIN) | 36884 |
| 700 1# - PUNTO DE ACCESO ADICIONAL - NOMBRE DE PERSONA | |
| Nombre de persona | Coelho, Paulo |
| 9 (RLIN) | 30970 |
| 700 1# - PUNTO DE ACCESO ADICIONAL - NOMBRE DE PERSONA | |
| Nombre de persona | López Montero, Roser |
| 9 (RLIN) | 37298 |
| 942 ## - ENTRADA DE ELEMENTOS AGREGADOS (KOHA) | |
| Fuente de clasificaión o esquema | Dewey Decimal Classification |
| Koha [por defecto] tipo de item | 1- Monografias |
| Suprimido | Perdido | Fuente de clasificación o esquema | Estropeado | Restricciones de uso | No para préstamo | Código de colección | Localización permanente | Localización actual | Localización en estanter&íacute;as | Fecha adquisición | Fuente de adquisición | Número de inventario | Préstamos totales | Renovaciones totales | Signatura completa | Código de barras | Fecha última consulta | Fecha último préstamo | Coste, precio reemplazado | Fecha del precio de reemplazo | Tipo de item de Koha |
|---|---|---|---|---|---|---|---|---|---|---|---|---|---|---|---|---|---|---|---|---|---|
| NULL | NULL | Dewey Decimal Classification | NULL | Prestable | NULL | NULL | Biblioteca Miguel de Cervantes - UNICAES | Biblioteca Miguel de Cervantes - UNICAES | Sala Principal | 31/08/2015 | Donación - ADESH | 030716 | 5 | 2 | 928.254 GIB car | 1034755 | 06/09/2018 | 30/08/2018 | 10.00 | 23/10/2015 | 1- Monografias |